Parts of a Whole A-Z - Statistics

General Stats
  • This quiz has been taken 1,616 times
  • The average score is 17 of 26
Answer Stats
Hint Answer % Correct
U One of a planetary eight Uranus
93%
E One of a continental seven Europe
92%
M One of a fashion capital four Milan
88%
Y One of an Ivy League eight Yale
86%
Q One of an Australian state six Queensland
85%
S One of a triathlonic three Swimming
81%
C One of a former Yugoslavic seven Croatia
80%
O One of a Great Lakes five Ontario
79%
H One of Snow White's seven Happy
78%
B One of Santa's sleigh-pulling nine Blitzen
74%
R One of a New England six Rhode Island
74%
I One of a rock-type three Igneous
73%
W One of a classical elemental four Water
70%
F One of a Weasley seven Fred
68%
T One of a horse gait four Trot
68%
X One of a Roman numeric seven X
68%
P One of a sinful seven Pride
65%
J One of a Central Perk six Joey
63%
A One of a Disney cities six Anaheim
59%
G One of a Magi's three Gold
44%
D One of a tenor-ific three Domingo
38%
Z One of a Marx Brothers five Zeppo
33%
K One of a Catholic virtuous seven Kindness
32%
N One of a country -land seven New Zealand
31%
L One of a James Bond six Lazenby
25%
V One of a Huxtable seven Vanessa
22%
No matching quizzes found
Score Distribution
Percent of People with Each Score
Percentile by Number Answered
Your Score History
You have not taken this quiz